The peaceful stillness of the silent mind : (Record no. 3010)

MARC details
000 -LEADER
fixed length control field 00474nam a2200157 4500
001 - CONTROL NUMBER
control field 3687
005 - DATE AND TIME OF LATEST TRANSACTION
control field 20181127171804.0
020 00 - INTERNATIONAL STANDARD BOOK NUMBER
International Standard Book Number 1891868144
090 00 - LOCALLY ASSIGNED LC-TYPE CALL NUMBER (OCLC); LOCAL CALL NUMBER (RLIN)
Classification number (OCLC) (R) ; Classification number, CALL (RLIN) (NR) 241.3 Y477p 2004
100 00 - MAIN ENTRY--PERSONAL NAME
Personal name Yeshe, Lama.
245 00 - TITLE STATEMENT
Title The peaceful stillness of the silent mind :
Remainder of title Buddhism, mind and meditation /
Statement of responsibility, etc. Lama Yeshe.
Medium
260 00 - PUBLICATION, DISTRIBUTION, ETC.
Place of publication, distribution, etc. Boston :
Name of publisher, distributor, etc. Lama Yeshe Wisdom Archive,
Date of publication, distribution, etc. 2004.
300 00 - PHYSICAL DESCRIPTION
Extent 111 p. ; 20 cm.
650 00 - SUBJECT ADDED ENTRY--TOPICAL TERM
Topical term or geographic name entry element Meditation --Buddhism.
General subdivision
Topical term or geographic name entry element Spiritual life --Buddhism.
General subdivision
Holdings
Withdrawn status Lost status Source of classification or shelving scheme Damaged status Not for loan Collection code Home library Current library Shelving location Date acquired Serial Enumeration / chronology Inventory number Total Checkouts Total Renewals Full call number Barcode Date last seen Date last checked out Copy number Price effective from Koha item type
    Dewey Decimal Classification     Main TEST RTC Library RTC Library Main opac 09/04/2021 6749 2 1 241.3 YES 30006020 16/10/2024 01/10/2024 2 27/11/2018 Main
    Dewey Decimal Classification     Main TEST RTC Library RTC Library Main opac   6275     241.3 YES 30006066 27/11/2018   1 27/11/2018 Main
Royal Thimphu College || All Right Reserved